000 00890nab#a2200265#c#4500
999 _c19035
_d19035
003 IEF
005 20191211122143.0
008 950704s1975 uuu|| #####0 b| |u
040 _aIEF
_cES-MaIEF
100 1 _aAlvira Martín, Francisco
_91025
245 _aActitudes de los españoles ante el gasto público y sentimiento del contribuyente
_c Francisco Alvira Martín y José García López
260 _aMadrid
_b Instituto de Estudios Fiscales [IEF]
_c1975
500 _aBibliografía
650 4 _aCONTRIBUYENTES
_941169
650 4 _aGASTO PUBLICO
_944787
650 4 _aSOCIOLOGIA FINANCIERA
_948474
650 4 _aPSICOLOGIA FINANCIERA
_948179
650 4 _aESPAÑA
_941092
650 4 _aSOCIOLOGIA TRIBUTARIA
_948479
700 _917406
_aGarcía López, José
773 0 _tHacienda pública española
_w34570
_g34, p. 101-145
942 _2udc
942 _2udc